000 00721nam a2200229 a 4500
999 _c7267
_d7267
001 7262
003 BD-JhCC
005 20180207114307.0
008 180128s1994 bg a|||| ||a| 000 0 ben d
020 _a9844640113
035 _a(BD-JhCC)7267
040 _aBD-JhCC
_dBD-JhCC
041 _aben
082 _a320
_bHOS 1994
100 _aহোসেন, কামাল
245 _aস্বায়ত্তশাসন থেকে স্বাধীনতা ১৯৬৬-১৯৭১ /
_cকামাল হোসেন
260 _aঢাকা :
_bঅঙ্কুর প্রকাশনী,
_c1994.
300 _a88 p. :
_c22 cm.
650 _aAotocracy
942 _2ddc
_cBK